« Retourner aux résultats de recherche
Milo & les créatures du grand escalier
| Auteur principal: | Ben Hatke |
|---|---|
| D'autres auteurs: | Fanny Soubiran |
| Support: | Livres |
| Langue: | Francais |
| Publié: |
DL 2023 Rue de Sèvres Paris |
| Genre: |
Bande Dessinée enfant ado |
| Sujets: | |
| Étiquettes: |
Ajouter
Pas de Tags !
|
| LEADER | 00731nam0a2200193 450 | ||
|---|---|---|---|
| 001 | 16842932 | ||
| 010 | |a 978-2-81020-501-1 |b br. |d 12,5 | ||
| 100 | |a 20230920d2026 u u0frey01 ba | ||
| 101 | 1 | |a fre |c eng | |
| 102 | |a FR | ||
| 200 | 0 | |a Milo & les créatures du grand escalier |f scénario, dessin : Ben Hatke |g couleurs : Zack Giallongo - traduit de l'anglais (Etats-Unis) par Fanny Soubiran | |
| 207 | 1 | |a | |
| 210 | |a Paris |c Rue de Sèvres |d DL 2023 | ||
| 215 | |a 1 vol. (234 p.) |c ill. en coul. |d 22 cm | ||
| 700 | 0 | |a Hatke |b Ben |4 70 | |
| 702 | 0 | |a Soubiran |b Fanny |4 730 | |
| 900 | |a Bande Dessinée enfant ado | ||
| 901 | |a Accessible au prêt | ||
| 995 | |a Bibliothèque |c Bibliothèque |f 024024005 |h 024024005 |k BD HAT |o p |q j |r az |e Bibliothèque | ||
